00250nam a2200109Ia 4500008004100000100001400041245002900055250000800084260003200092300000800124650000800132191201s2010 xx 000 0 und d aSINGH,B.D 0aLabour Laws for Managers aRep aN. DelhibExcel Booksc2010 a477 aMBA